Doing business 2007 (Record no. 105837)
[ view plain ]
| 000 -LEADER | |
|---|---|
| fixed length control field | 00924cam a2200205 4500 |
| 001 - CONTROL NUMBER | |
| control field | ##L134893 |
| 008 - FIXED-LENGTH DATA ELEMENTS--GENERAL INFORMATION | |
| fixed length control field | 060908n2006 000 0 eng u |
| 020 ## - INTERNATIONAL STANDARD BOOK NUMBER | |
| International Standard Book Number | 082136488X |
| 035 ## - SYSTEM CONTROL NUMBER | |
| System control number | (Sirsi) u134893 |
| 041 0# - LANGUAGE CODE | |
| Language code of text/sound track or separate title | eng |
| 110 2# - MAIN ENTRY--CORPORATE NAME | |
| Corporate name or jurisdiction name as entry element | World Bank |
| 9 (RLIN) | 3112 |
| 245 00 - TITLE STATEMENT | |
| Title | Doing business 2007 |
| Remainder of title | how to reform |
| 260 ## - PUBLICATION, DISTRIBUTION, ETC. | |
| Place of publication, distribution, etc. | Washington D.C. |
| Name of publisher, distributor, etc. | World Bank |
| Date of publication, distribution, etc. | 2006 |
| 520 ## - SUMMARY, ETC. | |
| Summary, etc. | The fourth in a series of annual reports which examines regulations and the ways in which they affect business. This report looks at regulations relating to 10 areas of business and compares them across 175 economies over time. Regulations discussed include those affecting the registration of property and the enforcement of contracts. |
| 590 ## - LOCAL NOTE (RLIN) | |
| Local note | IKA190906 |
| 651 #4 - SUBJECT ADDED ENTRY--GEOGRAPHIC NAME | |
| Geographic name | International |
| 690 ## - LOCAL SUBJECT ADDED ENTRY--TOPICAL TERM (OCLC, RLIN) | |
| Topical term or geographic name as entry element | MANAGEMENT-BUSINESS MANAGEMENT |
| 856 40 - ELECTRONIC LOCATION AND ACCESS | |
| Uniform Resource Identifier | <a href="https://www.doingbusiness.org/">https://www.doingbusiness.org/</a> |
| Public note | View the item free of charge at www.doingbusiness.org... |
| 942 ## - ADDED ENTRY ELEMENTS (KOHA) | |
| Suppress in OPAC | 0 |
| Withdrawn status | Lost status | Source of classification or shelving scheme | Damaged status | Not for loan | Home library | Current library | Shelving location | Date acquired | Total Checkouts | Full call number | Barcode | Date last seen | Copy number | Price effective from | Koha item type |
|---|---|---|---|---|---|---|---|---|---|---|---|---|---|---|---|
| Dewey Decimal Classification | Virtual | Virtual | Online | 08/09/2006 | ONLINE PUBLICATION | 134893-1001 | 06/08/2019 | 1 | 06/08/2019 | Book |